000 03284cam a22011774i 4500
003 PE-LiUPU
005 20250813185308.0
008 150617s r 000 0 d
035 _a(Sirsi) a14108
040 _aPE-LiUPU
_bspa
_cPE-LiUPU
_erda
049 _aPRUA
082 0 4 _a324.9
_bP451980
_221
110 2 _aJurado Nacional de Elecciones
245 1 0 _aResultados de las elecciones políticas generales de 1980 /
_cJurado Nacional de Elecciones.
264 1 _aLima :
_bImprenta del Ministerio de Guerra,
_c1982.
300 _a778 páginas :
_bil. ;
_c21 cm
336 _atext
_2rdacontent
337 _aunmediated
_2rdamedia
338 _avolume
_2rdacarrier
505 0 _aJurado nacional de elecciones en el año 1980 cómputo departamental de la Libertad. -Cómputo departamental de Lambayeque. -Anfora ilustración cómputo departamental de Lima. -Cédula de sufragio - ilustración. -Cómputo departamental de Loreto. -Cómputo departamental de Madre de Dios. -Computo departamental de Moquegua. -Cómputo departamental de Pasco. -Cómputo departamental de Piura. -Cómputo departamental de Puno. -Cómputo departamental de San Martín. -Cómputo departamental de Tacna. -Cómputo departamental de Tumbes. -Cómputo de la provincia constitucional del Callao.
526 _aP202
526 _aP201
526 _aP163
526 _aP162
526 _aP161
526 _aP160
526 _aP148
526 _aP147
526 _aP146
526 _aP145
526 _aP144
526 _aP143
526 _aP142
526 _aP141
526 _aP140
526 _aP139
526 _aP138
526 _aP137
526 _aP136
526 _aP135
526 _aP134
526 _aP133
526 _aP129
526 _aP128
526 _aP127
526 _aP120
526 _aP119
526 _aP118
526 _aP116
526 _aP115
526 _aP114
526 _aP110
526 _aP109
526 _aP108
526 _aP104
526 _aP103
526 _aP102
526 _aP99
526 _aP98
526 _aP97
526 _aP96
526 _aP95
526 _aP93
526 _aP90
526 _aP89
526 _aP88
526 _aP83
526 _aP82
526 _aP62
526 _aP59
526 _aP58
526 _aP57
526 _aP51
526 _aP49
526 _aP48
526 _aP47
526 _aP29
526 _aP24
526 _aP20
526 _aP19
526 _aP17
526 _aP15
526 _aP14
526 _aP12
526 _aP10
526 _aP09
526 _aP08
526 _aP07
526 _aP06
526 _aP05
526 _aP04
526 _aP01
650 0 4 _aElecciones municipales
_zPerú
_y1980.
910 _ajck
_bjvq
_cjck
_d20150616
942 _2ddc
_cBOOK
949 _a324.9 P45 1980
_wDEWEY
_c1
_i28697
_lCCODEBUL1
_mBUL
_p00.00
_r0
_sY
_tBOOK
_u2015-04-21
_xEDUCACION
_zUNKNOWN
_0COMPRA
_o.STAFF. Colección General
994 _aC0
_bPEPRU
596 _a1
999 _a324.9 P45 1980
_wDEWEY
_c4550
_i28697
_f2021-11-5
_g5
_lCCODEBUL1
_mBUL
_r0
_sY
_tBOOK
_u2015-4-21
_xBIBLIOTECA
_zUNKNOWN
_0COMPRA
_o.STAFF. Colección General
_d4550
980 _81
_gALBERTO SANCHEZ Responsable de Automatización